The time machine / (رقم التسجيلة. 125612)
[ عرض عادي ]
| 000 -LEADER | |
|---|---|
| fixed length control field | 00436nam a22001697a 4500 |
| 005 - DATE AND TIME OF LATEST TRANSACTION | |
| control field | 20251108175057.0 |
| 008 - FIXED-LENGTH DATA ELEMENTS--GENERAL INFORMATION | |
| fixed length control field | 250721s2012 xx 000 0 eng d |
| 082 14 - DEWEY DECIMAL CLASSIFICATION NUMBER | |
| Classification number | F/WEL |
| 100 1# - MAIN ENTRY--PERSONAL NAME | |
| Personal name | wells, HG |
| 245 14 - TITLE STATEMENT | |
| Title | The time machine / |
| 264 1# - PRODUCTION, PUBLICATION, DISTRIBUTION, MANUFACTURE, AND COPYRIGHT NOTICE | |
| Place of production, publication, distribution, manufacture | beirut : |
| Name of producer, publisher, distributor, manufacturer | al maktaba al hadissa publishers, |
| Date of production, publication, distribution, manufacture, or copyright notice | 2012. |
| 300 ## - PHYSICAL DESCRIPTION | |
| Extent | 176P. |
| 490 0# - SERIES STATEMENT | |
| Series statement | amazing illustrated classics |
| 650 17 - SUBJECT ADDED ENTRY--TOPICAL TERM | |
| Topical term or geographic name as entry element | english fiction |
| 942 ## - ADDED ENTRY ELEMENTS (KOHA) | |
| Source of classification or shelving scheme | Dewey Decimal Classification |
| Koha item type | كتب |
| حالة السحب | حالة الفقدان | مصدر التصنيف | حالة التلف | غير قابل للإعارة | المكتبة الرئيسية | المكتبة الحالية | موقع الرف | تاريخ التزويد | الرقم المتسلسل | Total Checkouts | رقم الإستدعاء | الباركود | تاريخ آخر ظهور | تاريخ الفاتورة | نوع المادة (كوها) |
|---|---|---|---|---|---|---|---|---|---|---|---|---|---|---|---|
| Dewey Decimal Classification | المكتبة المركزية | المكتبة المركزية | الإعارة | 29/07/2012 | 1529954 | F/WEL | PLD00254495 | 28/07/2025 | 29/07/2012 | كتب | |||||
| Dewey Decimal Classification | مكتبة قتيبة للأطفال | مكتبة قتيبة للأطفال | الأطفال | 12/11/2017 | 1667137 | F/WEL | PLD00410667 | 28/07/2025 | 12/11/2017 | كتب | |||||
| Dewey Decimal Classification | مكتبة أبو علندا العامة | مكتبة أبو علندا العامة | الإعارة | 29/07/2012 | 1529955 | F/WEL | PLD00254496 | 28/07/2025 | 29/07/2012 | كتب | |||||
| Dewey Decimal Classification | مكتبة أم قصير والمقابلين العامة | مكتبة أم قصير والمقابلين العامة | الإعارة | 29/07/2012 | 1529956 | F/WEL | PLD00254497 | 28/07/2025 | 29/07/2012 | كتب | |||||
| Dewey Decimal Classification | مكتبة الاميرة بديعة | مكتبة الاميرة بديعة | الإعارة | 29/07/2012 | 1529960 | F/WEL | PLD00254501 | 28/07/2025 | 29/07/2012 | كتب | |||||
| Dewey Decimal Classification | مكتبة الحسن العامة | مكتبة الحسن العامة | الإعارة | 29/07/2012 | 1529958 | F/WEL | PLD00254499 | 28/07/2025 | 29/07/2012 | كتب | |||||
| Dewey Decimal Classification | مكتبة النصر العامة | مكتبة النصر العامة | الإعارة | 29/07/2012 | 1529961 | F/WEL | PLD00254502 | 28/07/2025 | 29/07/2012 | كتب | |||||
| Dewey Decimal Classification | مكتبة صويلح العامة | مكتبة صويلح العامة | الإعارة | 29/07/2012 | 1529957 | F/WEL | PLD00254498 | 28/07/2025 | 29/07/2012 | كتب |